| 000 | 01466nam0a22002891 4500 | ||
|---|---|---|---|
| 001 | rc\3123457 | ||
| 005 | 20260406152235.0 | ||
| 021 |
_aRU _b[75-68774] |
||
| 035 | _a(NLR Aleph) 007312327 | ||
| 090 |
_a5823037 _c5823037 |
||
| 100 | _a20120615d1975 |||y0rusy50 ca | ||
| 101 | 0 | _arus | |
| 102 | _aRU | ||
| 105 | _ay z ||||| | ||
| 200 | 1 |
_aОрганизация медицинской помощи _aМетоды диагностики и лечения заболеваний в Амурской области _e[Сборник статей _fРед. коллегия: проф. А.Ю. Подвальный и др.] _gМ-во здравоохранения РСФСР. Амур. обл. отд. здравоохранения. Благовещен. гос. мед. ин-т. Амур. обл. клинич. больница |
|
| 210 |
_aБлаговещенск _cБ. и. _d1975 |
||
| 215 |
_a190 с. _d22 |
||
| 225 | 1 | _a[25-летнему юбилею Амурской клинической больницы посвящается] | |
| 606 |
_aМедицина _jСборники _2psbo |
||
| 606 |
_aМедицинская помощь _yАмурская область _2psbo |
||
| 702 | 1 |
_aПодвальный _bА.Ю. _4340 |
|
| 712 | 0 | 2 |
_aБлаговещенский медицинский институт _3RU\NLR\AUTH\889927712 _9351050 |
| 801 | 0 |
_aRU _bNLR _gpsbo |
|
| 801 | 1 |
_aRU _bELAR _2rusmarc |
|
| 852 |
_aNLR _j75-5/3249 |
||
| 942 | _cBOOK | ||
| 980 | _aNB | ||